[Event "Sharjah Master 2024"]
[Site "Shsrjah - Abu Dhabi"]
[Date "2024.05.18"]
[Round "?"]
[White "Nguyen, Thai Dai Van"]
[Black "Maurizzi, Marc`Andria"]
[Result "1/2-1/2"]
[WhiteElo "2649"]
[BlackElo "2617"]
[PlyCount "82"]
[EventDate "2024.05.14"]
[EventCountry "UAE"]

1. d4 d5 2. c4 e6 3. Nf3 Nf6 4. g3 Bb4+ 5. Bd2 Be7 6. Bg2 Nbd7 7. O-O O-O 8. Qc2 c6 9. Bf4 Ne4 10. Rd1 f5 $146 ({RR} 10... g5 11. Bc1 f5 12. Ne1 Bf6 13. f3 Nd6 14. c5 Nb5 15. e3 e5 16. a4 Nc7 17. dxe5 Nxe5 18. f4 Nc4 19. Na3 Nxa3 20. Rxa3 Ne6 21. a5 Qe7 22. b4 Qg7 23. Kh1 a6 24. Bh3 g4 25. Bf1 {Razanadrakotoarisoa,T (2086)-Rakotomaharo,F (2460) Antananarivo MAD 2024 ½-½ (41)}) 11. b3 a5 12. Nc3 Bf6 13. Rac1 g5 14. Be3 Qe7 15. Ne1 Nd6 16. c5 Ne4 17. Nxe4 fxe4 18. Qd2 e5 19. f3 exd4 20. Bxd4 Bxd4+ 21. Qxd4 Nf6 22. fxe4 Nxe4 23. Bxe4 Qxe4 24. Qxe4 dxe4 25. Nc2 a4 26. b4 a3 27. Ne3 Be6 28. Rc2 Rfd8 29. Rxd8+ Rxd8 30. Kf2 Rd4 31. Rc3 Rxb4 32. Rxa3 Kf7 33. Ra7 Kf6 34. a4 Ke5 35. a5 Rb5 36. a6 bxa6 37. Rxa6 Rxc5 38. Ra7 h5 39. Rh7 h4 40. gxh4 gxh4 41. Rxh4 Rc1 1/2-1/2

[Event "Sharjah Master 2024"]
[Site "Shsrjah - Abu Dhabi"]
[Date "2024.05.18"]
[Round "?"]
[White "Mendonca, Leon Luke"]
[Black "Theodorou, Nikolas"]
[Result "1/2-1/2"]
[WhiteElo "2640"]
[BlackElo "2616"]
[PlyCount "41"]
[EventDate "2024.05.14"]
[EventCountry "UAE"]

1. e4 e5 2. Nf3 Nc6 3. Bc4 Nf6 4. d3 Bc5 5. c3 d6 6. O-O a5 7. Re1 Ba7 8. Nbd2 O-O 9. Nf1 Be6 10. Bb5 Ne7 11. d4 Ng6 12. Ng3 c6 13. Bd3 $146 ({RR} 13. Bf1 h6 14. h3 Re8 15. c4 Qc7 16. Be3 Rad8 17. Qc2 Bb6 18. Rad1 Bc8 19. Rd2 c5 20. d5 a4 21. Rb1 Bd7 22. Rdd1 Ba5 23. Qc1 Kh7 24. Bd3 Rb8 25. Kh2 b5 26. cxb5 Bxb5 27. Bxb5 Rxb5 {Bologan,V (2574)-Schlecht,D (2370) Germany GER 2024 1-0 (66)}) 13... Bg4 14. Be3 d5 15. dxe5 Nxe5 16. Bxa7 Bxf3 17. gxf3 Rxa7 18. exd5 Nxd3 19. Qxd3 Qxd5 20. Qxd5 Nxd5 21. c4 1/2-1/2

[Event "Sharjah Master 2024"]
[Site "Shsrjah - Abu Dhabi"]
[Date "2024.05.18"]
[Round "?"]
[White "Iniyan, Pa"]
[Black "Radjabov, Teimour"]
[Result "1/2-1/2"]
[WhiteElo "2493"]
[BlackElo "2723"]
[PlyCount "63"]
[EventDate "2024.05.14"]
[EventCountry "UAE"]

1. d4 Nf6 2. c4 c6 3. Nc3 d5 4. Nf3 dxc4 5. a4 Bf5 6. e3 e6 7. Bxc4 Bb4 8. O-O O-O 9. Qe2 Bg6 10. Ne5 Nbd7 11. Nxg6 hxg6 12. Rd1 Qc7 13. e4 ({RR} 13. Bd2 e5 14. Be1 a5 15. Rac1 Rad8 16. f3 exd4 17. exd4 Nb6 18. Ba2 Rfe8 19. Qc2 Nbd5 20. Bf2 Qf4 21. Qd3 Bd6 22. g3 Qg5 23. Bxd5 Nxd5 24. Re1 Nf4 25. Qf1 Rxe1 26. Rxe1 Ne6 27. Rd1 Bb4) 13... e5 14. d5 Rad8 ({RR} 14... Bxc3 15. d6 Qa5 16. bxc3 b5 17. Ba2 bxa4 18. Ba3 Qxc3 19. f3 Rab8 20. Rdc1 Qd4+ 21. Kh1 c5 22. Rd1 Qc3 23. Rdc1 Qa5 24. Rd1 Qb5 25. Bc4 Qc6 26. Rac1 Rb6 27. Qf2 Qc8 28. Qg3 Qb8 29. Ba2) 15. a5 ({RR} 15. Bg5 Nb6 16. Rac1 Bxc3 17. Rxc3 Nxc4 18. Qxc4 Qd6 19. h3 cxd5 20. exd5 Rd7 21. a5 Rfd8 22. b4 Qa6 23. Qxa6 bxa6 24. Rc6 Rb8 25. d6 Ne8 26. Be3 Rxb4 27. Rc8 Kf8 28. Ra8 Rc4 29. Rd5 f6) 15... b5 16. dxc6 bxc4 17. cxd7 Rxd7 18. Rxd7 Qxd7 19. Bd2 $146 ({RR} 19. Qxc4 Bxc3 20. bxc3 Rc8 21. Qe2 Nxe4 22. h3 Qc6 23. Ba3 Nxc3 24. Qxe5 Re8 25. Qd6 Ne2+ 26. Kh2 Qc3 27. Rb1 Qxa5 28. Bc5 Qa4 29. Be3 a6 30. Qd2 Qc4 31. Re1 Qc7+ 32. Kh1 Ng3+ 33. fxg3 Qxg3 {Iniyan,P (2493)-Tabatabaei,M (2707) Dubai Police Officers Club, A 2024 ½-½ (82)}) ({RR} 19. Qxc4 Bxc3 20. bxc3 Rc8 21. Qe2 Nxe4 22. h3 Qc6 23. Ba3 Nxc3 24. Qxe5 Re8 25. Qd6 Ne2+ 26. Kh2 Qc3 27. Rb1 Qxa5 28. Bc5 Qa4 29. Be3 a6 30. Qd2 Qc4 31. Re1 Qc7+ 32. Kh1 Ng3+ 33. fxg3 Qxg3 {Iniyan,P (2497)-Tabatabaei,M (2707) Dubai UAE 2024 ½-½ (82)}) 19... Rb8 20. Be3 Qc7 21. a6 Bxc3 22. bxc3 Nxe4 23. Bxa7 Nxc3 24. Qe3 Rc8 25. Bb6 Qc6 26. Qxe5 Qxb6 27. Qxc3 Qb3 28. Qd4 c3 29. a7 c2 30. Rc1 Qa3 31. Qe3 Qxe3 32. fxe3 1/2-1/2

[Event "Sharjah Master 2024"]
[Site "Shsrjah - Abu Dhabi"]
[Date "2024.05.18"]
[Round "?"]
[White "Vakhidov, Jakhongir"]
[Black "Maghsoodloo, Parham"]
[Result "0-1"]
[WhiteElo "2599"]
[BlackElo "2732"]
[PlyCount "116"]
[EventDate "2024.05.14"]
[EventCountry "UAE"]

{[%evp 12,116,29,27,25,23,23,19,32,16,27,27,53,14,18,19,30,23,20,16,10,6,12,24,7,-2,3,-19,-17,-14,-14,-26,-30,-29,-39,-45,-12,-64,-60,-60,-69,-69,-73,-72,-17,-62,-57,-175,-167,-223,-232,-236,-175,-205,-212,-233,-244,-243,-230,-233,-150,-185,-134,-183,-183,-247,-230,-261,-261,-261,-261,-298,-295,-293,-293,-300,-289,-305,-285,-328,-329,-341,-337,-426,-424,-438,-414,-429,-426,-421,-414,-426,-418,-426,-418,-482,-478,-510,-514,-489,-457,-546,-546,-544,-545,-622,-611]} 1. c4 e6 2. Nc3 d5 3. d4 Nf6 4. cxd5 Nxd5 5. e4 Nxc3 6. bxc3 c5 7. Rb1 Be7 8. Nf3 O-O 9. Bc4 Qc7 {Threatening ...cxd4.The position is equal.} ({RR} 9... cxd4 10. cxd4 b6 11. O-O Nd7 12. Bf4 ({RR} 12. Qe2 Bb7 13. Bf4 ({RR} 13. Bd3 Rc8 14. Bb2 Rc7 15. Qe3 Qb8 16. Rfe1 Rcc8 17. d5 exd5 (17... Rfd8 $14) 18. Qd4 $1 {[%csl Gb2][%cal Rd4g7]} Nf6 19. exd5 Qd6 20. Re5 (20. Nh4 $1 $16 {[%cal Rh4f5]} Bd8 21. Nf5 Qxd5 {[%mdl 64] Double Attack} 22. f3) 20... h6 $2 {[%mdl 8192]} (20... Bxd5 $15 {keeps the upper hand.} 21. Rbe1 Rc7) 21. Nh4 $1 {[%cal Rh4f5]} Qb4 22. Rxe7 Qxe7 23. Nf5 Qd8 24. Qh4 Re8 25. Nxh6+ $1 Kf8 26. Nf5 Kg8) 13... a6 14. a4 a5 15. Rfc1 Rc8 16. Ba6 Bxa6 17. Qxa6 Ba3 18. Rd1 f6 (18... Bb4 $11 {keeps the balance.}) 19. Nd2 Bb4 20. Nc4 Qe7 21. Rbc1 e5 22. dxe5 fxe5 23. Be3 $1 Nc5 24. Qb5 Nb3 25. Rb1 ({Better is} 25. Nxb6 $16 Rxc1 26. Bxc1) 25... Nd4 $1 26. Qd5+ Kh8) ({RR} 12. Bb2 Bb7 13. Re1 Rc8 14. Rc1 Nf6 15. Bd3 Rxc1 16. Qxc1 Qa8 (16... h6 $11) 17. Qf4 (17. d5 $1 $16) 17... Qb8 18. Qe3 Rd8 19. h3 Rc8 (19... h6 $11) 20. Bb1 (20. d5 $1 $16) 20... Bb4 (20... Qc7 $11) 21. Re2 (21. Rd1 $16) 21... Ba6 22. Bd3 Bxd3 23. Qxd3 Qc7 24. g3 Qc4 25. Qxc4 Rxc4 26. Ne5 Rc7) 12... Nf6 13. Qe2 Bb7 14. Bd3 Rc8 15. Bd2 Rc7 (15... Qd7 $11) 16. a4 Qa8 17. Rfe1 Bc6 18. a5 bxa5 $1 19. Bxa5 Rb7 20. Rbc1 Bb4 21. Rxc6 Bxa5 22. Rec1 Qd8 23. h4 g6 24. g3 {Vakhidov,J (2599)-Srihari L R (2485) Dubai Police Officers Club, A 2024 1-0 (39)}) ({RR} 9... a6 10. a4 Qc7 11. Bd3 cxd4 12. cxd4 Nc6 13. O-O Nb4 14. Ba3 Nxd3 15. Qxd3 Bxa3 16. Qxa3 Bd7 17. Ne5 Rfc8 18. Rfc1 Qd8 19. Rxb7 Bxa4 20. Nxf7 Qxd4 21. h3 Qxe4 22. Nd6 Rxc1+ 23. Qxc1 Qd4 24. Qa3) 10. Bb3 $146 ({RR} 10. Qe2 a6 11. O-O b5 12. Bd3 Bb7 13. Bd2 Nd7 14. a4 bxa4 15. d5 ({White should try} 15. Bf4 $1 $16 {[%cal Rf4c7]} Qxf4 16. Rxb7) 15... c4 $1 16. Bxc4 Nb6 {[#]} (16... exd5 $11 17. Bxd5 Bxd5 18. exd5 Rfe8) 17. Bd3 $1 exd5 18. exd5 Nxd5 19. Qe4 {[%csl Gd3][%cal Re4h7]} g6 20. Rxb7 Qxb7 21. c4 Rad8 22. cxd5 Qxd5 23. Qxe7 Qxd3 24. Qf6 Rd6 {Seres,L (2344)-Jiang,Q (2258) Budapest HUN 2024 ½-½ (43)}) ({RR} 10. d5 exd5 11. exd5 Bg4 12. O-O Nd7 13. Re1 Bd6 14. h3 Bh5 15. Bd3 Rae8 16. Bxh7+ $2 {[%mdl 8192]} (16. g4 $11 Bg6 17. Bxg6 hxg6 18. c4) 16... Kxh7 17. Ng5+ Kg6 $4 {[%mdl 8192]} (17... Kg8 $19 18. g4 Rxe1+ 19. Qxe1 Bg6) 18. Qc2+ f5 {[%cal Re8e1]} 19. Ne6 $2 (19. Re6+ $18 Rxe6 20. Nxe6) 19... Kh7 20. g4 $2 (20. Bg5 $15 Rxe6 21. dxe6) 20... Bh2+ $2 (20... Bg6 $19 21. Kf1 Rxe6 22. Rxe6 Ne5) 21. Kg2 Qd6 (21... Rxe6 $1 $11 {remains equal.} 22. dxe6 Bg6) 22. gxh5 ({White should play} 22. c4 $16 Bg6 23. Nxf8+ Rxf8 24. Re6) 22... Qxd5+ 23. Kxh2 Rxe6 24. Rxe6 Qxe6 {Eilenberg,J (2299)-Lancman,K (2075) chess.com INT 2024 0-1 (91)}) 10... b6 11. O-O Nc6 12. d5 Na5 13. Bc2 Ba6 14. e5 {And now d6 would win.} exd5 15. Re1 $1 Rae8 16. Bf4 Nc4 17. Qd3 {[%csl Gc2][%cal Rd3h7]} g6 $36 {[%mdl 2048] Black has the initiative.} 18. Bh6 Bc8 19. Bxf8 Bxf8 20. Qxd5 Na3 $1 {[%csl LRb1,LRc2][%cal Ra3c2]} 21. Rbc1 Bh6 22. Ba4 Be6 23. Qe4 b5 {Threatens to win with ...Qe7.} 24. Rcd1 Qe7 25. Bb3 {aiming for Bxe6.} c4 26. Nd4 $1 ({Not} 26. Bc2 $2 Bf5 $19) 26... cxb3 27. axb3 a5 28. Qc6 Bf8 29. Ra1 $2 {Mistake. Nxe6 was best.} (29. Nxe6) (29. Nxe6 $15 Qxe6 30. Qxe6 fxe6 31. Rd7) 29... Qd8 $19 30. Qe4 $6 {Inaccuracy. Nxe6 was best.} (30. Nxe6 Rxe6) (30. Nxe6 {is a better defense.} Rxe6 31. Qb7) 30... Bd5 31. Qf4 Qb6 32. Rad1 Qb7 33. Qg3 a4 34. b4 Bb3 35. Rd2 Qd5 36. f4 Bg7 37. Qf2 Qb7 38. Rde2 $6 {Inaccuracy. Ra1 was best.} (38. Ra1 Nc4 39. Re2 Rd8 40. Kh1 Nb6 41. Nxb3 axb3 42. Rb1 Rd3 43. Rxb3 Nd5) (38. Ra1 {was called for.} Nc4 39. Re2) 38... Bc4 39. Rd2 {With the idea Ra1.} Bd5 40. Rdd1 Nc4 41. h4 h5 42. Kh2 a3 {[%cal Ba4a3,Ba3a2][%mdl 32]} 43. g3 Nb2 44. Rd2 Na4 45. Nc2 a2 ({Weaker is} 45... Nxc3 46. Qd4 $17) 46. Ne3 Bb3 ({Less strong is} 46... Nxc3 47. Nxd5 Nxd5 48. Qg2 $15) 47. Rd3 Qe4 48. Qf1 Qc6 49. Rc1 Qe4 50. Re1 Ra8 51. Rd4 Qc6 52. c4 Nc3 {[%cal Ba4c3,Bc3b5,Bb5d4][%mdl 32]} 53. Ra1 bxc4 {[%cal Bb5c4,Bc4c3][%mdl 32] ...Qb6 is the strong threat.Black is clearly winning.} 54. Qe1 Nb5 55. Rd5 Bf8 {White must now prevent ...c3.} 56. e6 c3 57. exf7+ Kxf7 58. Re5 Nd4 {Accuracy: White = 58%, Black = 92%.} 0-1

[Event "Sharjah Master 2024"]
[Site "Shsrjah - Abu Dhabi"]
[Date "2024.05.18"]
[Round "?"]
[White "Vokhidov, Shamsiddin"]
[Black "Artemiev, Vladislav"]
[Result "1/2-1/2"]
[WhiteElo "2591"]
[BlackElo "2705"]
[PlyCount "66"]
[EventDate "2024.05.14"]
[EventCountry "UAE"]

1. e4 e5 2. Nf3 Nc6 3. Bb5 a6 4. Ba4 d6 5. O-O Bd7 6. d4 Nxd4 7. Bxd7+ Qxd7 8. Nxd4 exd4 9. Qxd4 Nf6 10. Nc3 ({RR} 10. c4 Be7 11. Nc3 O-O 12. b3 Rfe8 13. Bb2 c6 14. Rad1 Qe6 15. Rfe1 Bf8 16. f4 b5 17. e5 dxe5 18. Rxe5 Qg4 19. Rg5 Qe6 20. Re5 Qg4 21. Rg5 Qe6 22. Re5 {½-½ (22) Vokhidov,S (2592)-Le Tuan Minh (2567) chess.com INT 2024}) 10... Be7 11. Rd1 $146 ({RR} 11. b3 O-O 12. Bb2 c6 13. Na4 Rad8 14. Rad1 Rfe8 15. Rfe1 b5 16. Nc3 Bf8 17. h3 Re6 18. Qb6 Qc8 19. Re3 Rde8 20. Rde1 h6 21. Qd4 a5 22. a4 b4 23. Nd1 Qb7 24. e5 dxe5 25. Rxe5 Rxe5 {Agmanov,Z (2461)-Hakobyan,A (2616) chess.com INT 2024 1-0 (55)}) 11... Rd8 12. b3 O-O 13. Bb2 Rfe8 14. Nd5 c6 15. Nxe7+ Qxe7 16. f3 d5 17. exd5 Rxd5 18. Qc3 Qf8 19. Rxd5 Nxd5 20. Qd2 b5 21. Rc1 Rd8 22. Rd1 f6 23. c4 bxc4 24. bxc4 Qc5+ 25. Qd4 Nf4 26. Qxc5 Rxd1+ 27. Kf2 Nd3+ 28. Ke2 Nxc5 29. Kxd1 Kf7 30. Kc2 Ke6 31. Ba3 Nd7 32. Kc3 c5 33. Bc1 Ke5 1/2-1/2

[Event "Sharjah Master 2024"]
[Site "Shsrjah - Abu Dhabi"]
[Date "2024.05.18"]
[Round "?"]
[White "Safarli, Eltaj"]
[Black "Esipenko, Andrey"]
[Result "1/2-1/2"]
[WhiteElo "2594"]
[BlackElo "2703"]
[PlyCount "54"]
[EventDate "2024.05.14"]
[EventCountry "UAE"]

1. e4 c5 2. Nc3 Nc6 3. Bb5 Nd4 4. a4 a6 5. Bc4 e6 6. Nf3 Nf6 $146 ({RR} 6... Nc6 7. d4 cxd4 8. Nxd4 Qc7 9. Nxc6 bxc6 10. Qg4 Nf6 11. Qg3 Qxg3 12. hxg3 d5 13. Bd3 h6 14. f3 Bb4 15. Bd2 Rb8 16. exd5 cxd5 17. a5 Ke7 18. Na4 Bxd2+ 19. Kxd2 Nd7 20. Rhe1 Kd6 21. f4 {Demchenko,A (2609)-Teimouri Yadkuri,S (2151) chess.com INT 2024 0-1 (83)}) 7. d3 d5 8. Ba2 Nc6 9. O-O Be7 10. Re1 Nb4 11. Bb3 b6 12. Bg5 Bb7 13. exd5 Nbxd5 14. Nxd5 Nxd5 15. Bxe7 Qxe7 16. Ne5 O-O 17. Qg4 Rad8 18. Qg3 Kh8 19. Bxd5 Bxd5 20. b3 f6 21. Nc4 Qb7 22. Re2 b5 23. axb5 axb5 24. Ne3 Bc6 25. Rae1 Rd4 26. f4 Qb8 27. Nf1 Bd7 1/2-1/2

[Event "Sharjah Master 2024"]
[Site "Shsrjah - Abu Dhabi"]
[Date "2024.05.18"]
[Round "?"]
[White "Nesterov, Arseniy"]
[Black "Deac, Bogdan-Daniel"]
[Result "1/2-1/2"]
[WhiteElo "2589"]
[BlackElo "2692"]
[PlyCount "57"]
[EventDate "2024.05.14"]
[EventCountry "UAE"]

1. d4 Nf6 2. c4 e6 3. Nf3 d5 4. Nc3 Be7 5. Bf4 O-O 6. e3 Nbd7 7. cxd5 Nxd5 8. Nxd5 exd5 9. Be2 $146 ({RR} 9. Bd3 c6 10. O-O Nf6 11. Ne5 Be6 12. Qc2 h6 13. Rab1 Nd7 14. b4 a6 15. a4 Rc8 16. Qe2 Nxe5 17. Bxe5 Qd7 18. Rfc1 Bf5 19. h3 Bxd3 20. Qxd3 Bd6 21. Bxd6 Qxd6 22. b5 axb5 23. axb5 c5 {Mikaelyan,A (2519)-Grutter,T (2343) chess.com INT 2024 1-0 (67)}) ({RR} 9. a3 c5 {½-½ (9) Korobov,A (2672)-Giri,A (2754) Samarkand UZB 2023}) ({RR} 9. Bd3 c5 10. O-O h6 11. Rc1 c4 12. Bb1 Nf6 13. Ne5 b5 14. Nc6 Qe8 15. Nxe7+ Qxe7 16. Qf3 Ne4 17. Bxe4 dxe4 18. Qg3 Qe6 19. b3 Bb7 20. bxc4 bxc4 21. Rb1 Bd5 22. h3 c3 23. Rfc1 Rfc8 {Gunina,V (2437)-Mammadova,G (2351) FIDE Online Arena INT 2024 1-0 (37)}) ({RR} 9. Bd3 c5 10. O-O c4 11. Bc2 Nf6 12. Ne5 Nd7 13. b3 Nxe5 14. Bxe5 b5 15. bxc4 bxc4 16. Rb1 g6 17. Qf3 f6 18. Bf4 Be6 19. Rb7 Rf7 20. Rfb1 {½-½ (20) Richter,C (2358)-Sonntag,H (2286) Germany GER 2024}) 9... Bb4+ 10. Nd2 Nb6 11. a3 Bd6 12. Bxd6 Qxd6 13. Bd3 a5 14. O-O c6 15. b4 axb4 16. Qb1 g6 17. Qxb4 Qxb4 18. axb4 Be6 19. f3 Rfb8 20. Kf2 Kf8 21. Nb3 Nc8 22. Nc5 b6 23. Nxe6+ fxe6 24. Rfc1 Rxa1 25. Rxa1 Ke7 26. e4 $6 {Inaccuracy. g4 was best.} (26. g4 Rb7) 26... dxe4 27. Bxe4 Kd6 28. h4 Ne7 29. Ra7 1/2-1/2

[Event "Sharjah Master 2024"]
[Site "Shsrjah - Abu Dhabi"]
[Date "2024.05.18"]
[Round "?"]
[White "Martirosyan, Haik M."]
[Black "Moroni, Luca Jr"]
[Result "1-0"]
[WhiteElo "2678"]
[BlackElo "2580"]
[PlyCount "105"]
[EventDate "2024.05.14"]
[EventCountry "UAE"]

{[%evp 11,105,19,22,21,22,22,20,15,26,26,30,30,29,27,32,29,37,36,38,35,60,57,62,67,67,63,64,57,103,47,46,36,39,26,49,41,76,43,152,44,151,151,152,151,178,176,187,182,175,182,196,183,184,184,206,213,247,258,272,260,275,273,261,262,259,226,227,191,244,227,337,304,302,305,303,313,312,301,299,294,368,363,420,417,412,400,506,474,530,526,524,525,517,513,522,518]} 1. e4 e5 2. Nf3 Nc6 3. Bc4 Bc5 4. c3 Nf6 5. d3 d6 6. O-O a6 7. Re1 Ba7 8. Nbd2 O-O 9. Nf1 {The position is equal.} h6 10. Ng3 $146 ({RR} 10. h3 Re8 11. Ng3 Na5 12. Bb3 Nxb3 13. axb3 d5 (13... c6 $11 {keeps the balance.}) 14. exd5 $1 Qxd5 15. Be3 c5 16. Ra4 Be6 17. Rh4 (17. Qc1 $1 $16) 17... e4 $1 18. Nxe4 (18. c4 $16 Qd8 19. Nxe4) 18... Nxe4 19. c4 Nxf2 $1 20. Kxf2 (20. Bxf2 $11 {remains equal.} Qd6 21. d4) 20... Qd6 21. Bf4 Qf8 22. Rh5 f6 23. Nd2 g5 24. Bg3 (24. Qf3 {was necessary.} gxf4 25. Qxf4) 24... Bf7 {Esipenko,A (2704)-Kramnik,V (2753) Rostov-on-Don RUS 2024 0-1 (53)}) ({RR} 10. h3 Ne7 11. d4 Ng6 12. Bd3 exd4 13. cxd4 Re8 14. Ng3 b5 (14... Nh7 $142) 15. a4 bxa4 16. Rxa4 Bb7 17. Qc2 Bb6 18. Be3 Qd7 19. Rea1 a5 20. Nd2 Qe7 21. Nf5 Qf8 22. f3 ({Better is} 22. Ng3 $18) 22... Ne7 23. Nxe7+ Qxe7 24. Nc4 Ba6 {Niemann,H (2676)-Dehtiarov,R (2319) chess.com INT 2024 1-0 (47)}) 10... Be6 11. Bxe6 fxe6 12. h3 Qe8 13. Be3 Bxe3 14. Rxe3 Rd8 15. Qb3 b6 16. d4 Kh8 17. Rd1 Na5 18. Qc2 Nc6 19. a3 b5 20. Red3 $6 {Inaccuracy. dxe5 was best.} (20. dxe5 dxe5 21. Rxd8 Qxd8 22. Nf1 Qe7 23. b4 Rd8 24. N1d2 Nd7 25. a4 Rc8) ({White should play} 20. dxe5 $16 dxe5 21. Rxd8 Qxd8 22. Rd3) 20... Nd7 $14 21. Qe2 Rb8 22. Nf1 Qg6 23. Re3 Nf6 $6 {Inaccuracy. a5 was best.} (23... a5 24. b3) 24. g3 Qf7 $6 {Inaccuracy. Nd7 was best.} (24... Nd7 25. N1h2) ({Black should try} 24... Nd7 $14) 25. N1h2 $6 {Inaccuracy. dxe5 was best.} (25. dxe5 dxe5 26. Kg2 Qg6 27. N1h2 Nh5 28. Qf1 Nf6 29. Ra1 Rfd8 30. b4 Kg8) (25. dxe5 $16 dxe5 26. Kg2) 25... Kg8 $6 {Inaccuracy. Nd7 was best.} (25... Nd7 26. Ng4 Kg8 27. b3 Rbd8 28. a4 Rb8 29. dxe5 h5 30. Ngh2 Ncxe5 31. axb5) (25... Nd7 $14) 26. dxe5 $16 dxe5 27. b4 Rfd8 28. Rxd8+ Rxd8 {[#]} 29. a4 $1 {[%mdl 512]} Qd7 {Threatening ...Qd1+.} (29... bxa4 30. Qxa6) 30. Kg2 $1 bxa4 31. Qxa6 Ne7 {[#]} 32. b5 $1 Qd6 {With the idea ...Qxa6.} 33. Qxa4 Qc5 34. Ng4 Nxg4 35. hxg4 Nc8 36. Qa2 Re8 37. g5 Nd6 38. gxh6 gxh6 39. c4 Rf8 40. Nd2 c6 (40... Rd8 $142 41. Qb2 Nf7) 41. b6 Qxb6 {[#]} 42. c5 $1 {[%mdl 576] Discovered Attack} Qxc5 43. Qxe6+ {[%mdl 64] Double Attack} Kg7 44. Nf3 Rf6 45. Qg4+ ({Don't do} 45. Qxe5 $6 Qxe5 46. Nxe5 c5 $18) 45... Kf8 $6 {Inaccuracy. Rg6 was best.} (45... Rg6 46. Qd7+) 46. Rb3 Qc4 $6 {Inaccuracy. Nb5 was best.} (46... Nb5 47. Rb2 Qe7 48. Nh4 Qe6 49. Nf5 Rf7 50. Rb1 Qf6 51. Rh1 Rh7 52. Rh5) 47. Rb8+ Ke7 48. Ra8 {Ra7+ would kill now.} Nf5 49. Ra7+ {White is clearly winning.} (49. Nxe5 {[#]} Ne3+ $1 {[%mdl 512]} 50. Kh3 Qf1+ 51. Kh4 Ng2+ 52. Kh5 Qh1+ 53. Qh4 Nxh4 {[%mdl 64] Discovered Attack} 54. Nxc6+ Rxc6 55. Ra7+ Ke6 56. Kg4 Ng6 57. Ra5 Ne5+ 58. Rxe5+ Kxe5 59. f4+ Kxe4 60. f5 Rc4 61. f6 Ke5#) 49... Kd6 {[#] intending ...Ne3+.} 50. Rd7+ $1 {[%mdl 512]} Kc5 {next ...Ne3+ is good for Black.} (50... Kxd7 51. Nxe5+) 51. Nd2 Qb4 52. Qh5 Rd6 53. Qxf5 {Accuracy: White = 86%, Black = 59%.} 1-0

[Event "Sharjah Master 2024"]
[Site "Shsrjah - Abu Dhabi"]
[Date "2024.05.18"]
[Round "?"]
[White "Pranav, V."]
[Black "Yakubboev, Nodirbek"]
[Result "1-0"]
[WhiteElo "2587"]
[BlackElo "2665"]
[PlyCount "75"]
[EventDate "2024.05.14"]
[EventCountry "UAE"]

{[%evp 11,75,9,12,5,33,30,32,40,39,40,34,33,36,10,9,18,29,26,28,35,34,26,45,21,55,24,86,86,83,78,92,26,39,38,78,6,50,25,36,1,107,93,145,146,238,227,228,200,203,187,182,185,269,235,342,216,248,239,225,233,282,281,405,386,405,407]} 1. e4 e5 2. Nc3 Nf6 3. Bc4 Nc6 4. d3 Na5 5. Bb3 Nxb3 6. axb3 d5 7. Nf3 ({RR} 7. Bg5 Bb4 (7... d4 $11 8. Nce2 Bc5) 8. Bxf6 gxf6 9. Kf1 c6 10. Nf3 Rg8 11. Qe2 Be6 12. d4 Bxc3 13. bxc3 Qe7 (13... dxe4 $11 14. Qxe4 {[%mdl 64] Double Attack} Qd5 15. Qxh7 O-O-O) 14. dxe5 fxe5 15. h3 (15. exd5 $1 $14 Bxd5 16. c4 Bxf3 17. Qxf3) 15... f6 16. Rg1 (16. Kg1 $142) 16... a6 17. Qe3 O-O-O 18. exd5 cxd5 19. Qb6 (19. g4 $17) 19... Bf5 (19... Rd6 $19 20. Qb4 Qc7) 20. Ra5 Bxc2 21. Qa7 $2 (21. Ne1 $17 Bd1 22. Nd3) 21... Bd3+ {Pranav,V (2604)-Ivanchuk,V (2611) Sant Ferran de ses Roques ESP 2024 0-1 (38)}) 7... Bb4 $146 {Hoping for ...d4.} ({RR} 7... d4 8. Ne2 Bd6 9. O-O c5 10. h3 Be6 11. Ng3 h6 12. Qe2 Qd7 (12... O-O $11) 13. Bd2 O-O 14. Nh4 Rfe8 15. Qf3 ({Better is} 15. f4 $14) 15... Nh7 16. Nhf5 ({White should play} 16. Ngf5 $14) 16... Bf8 $1 17. Qg4 Kh8 (17... g6 $15 18. f4 exf4 19. Bxf4 Kh8 20. Be5+ f6 21. Bxf6+ {[%mdl 64] Decoy} Nxf6 22. Qxg6 Ng8) 18. Qe2 ({White should try} 18. f4 $1 $14) 18... a6 19. f4 (19. Rae1 $11) 19... exf4 $1 20. Bxf4 $2 (20. Rxf4 $17 g6 21. Raf1) 20... Bxf5 $1 21. Nxf5 Qxf5 22. Bxh6 {Sisman,G (1754)-Lopusiewicz,P (2301) chess.com INT 2023 0-1 (34)}) ({RR} 7... dxe4 8. dxe4 Bd6 9. O-O h6 10. Nd2 Bg4 11. f3 Be6 12. Nc4 Bc5+ 13. Kh1 Nd7 14. Qe2 O-O 15. Be3 Bd4 16. Bxd4 exd4 17. Nb5 c5 18. Nxa7 Nb8 19. e5 Bd5 (19... Nd7 $14) 20. Nd6 b6 21. Nac8 (21. f4 $16) 21... Rxa1 22. Rxa1 {Harsh,S (2413)-Pranesh,M (2538) Hua Hin THA 2024 ½-½ (56)}) ({RR} 7... dxe4 8. Nxe5 exd3 9. O-O Be7 10. Nxd3 Bg4 11. Qe1 O-O 12. h3 Bf5 13. Qe3 $1 Bxd3 14. Rd1 Re8 15. Qxd3 Qxd3 16. Rxd3 a6 17. Bf4 c6 18. Bc7 Bd8 19. Bd6 Be7 20. Bc7 Bd8 21. Bd6 Be7 22. Bc7 {Xu,X (2637)-Dai,C (2510) Xinghua CHN 2024 ½-½}) 8. O-O dxe4 9. Nxe5 {White is slightly better.} Bxc3 10. bxc3 O-O $1 11. Bg5 exd3 12. Nxd3 h6 13. Bh4 g5 14. Bg3 Bg4 15. f3 Bf5 16. Be5 Nd7 17. Bd4 a5 18. c4 a4 $6 {Inaccuracy. Re8 was best.} (18... Re8) (18... Re8 $11 {keeps the balance.}) 19. Rxa4 $16 Rxa4 20. bxa4 Re8 21. c5 $6 {Inaccuracy. a5 was best.} (21. a5 Nf8 22. Bc3 Qd6 23. Re1 Rxe1+ 24. Qxe1 Qe6 25. Qxe6 Bxe6 26. Nc5 Bxc4) (21. a5 $16) 21... Nf8 $11 22. Bf2 Qd7 23. Qa1 $6 {Inaccuracy. Nb4 was best.} (23. Nb4 Qxd1) (23. Nb4 $16) 23... Re2 24. a5 c6 ({But not} 24... Rxc2 $2 25. c6 $1 $18 {[%mdl 512]}) 25. Nb4 Re6 $2 {Mistake. Bxc2 was best.} (25... Bxc2) (25... Bxc2 $11 {remains equal.} 26. a6 bxa6) 26. Rd1 $36 {[%mdl 2048] White is on the roll.} Qe7 27. Qd4 g4 $6 {[#] Inaccuracy. Qe8 was best.} (27... Qe8 28. h4 f6 29. Qd8 g4 30. fxg4 Bxg4 31. Rd6 Qxd8 32. Rxd8 Kf7 33. Rb8) (27... Qc7 $16 28. Ra1 Qc8) 28. Qf4 $1 $18 {[%cal Rf4f5]} ({Don't play} 28. fxg4 $6 Re4) 28... Qg5 29. Qxg5+ hxg5 30. fxg4 Bxg4 31. Rd8 Re7 $6 {Inaccuracy. Kg7 was best.} (31... Kg7 32. Rb8 Re7 33. Bd4+ f6 34. Bxf6+ $1 Kxf6 35. Rxf8+ Kg7 36. Ra8 Re1+ 37. Kf2) (31... Kg7 {is a better defense.} 32. Rb8 Re7 33. Bd4+ f6) 32. h3 Be6 $6 {Inaccuracy. Bf5 was best.} (32... Bf5 {32...d7 2.28} 33. a6 bxa6 34. Nxc6 Rc7 35. Nd4 Rc8 36. Rd5 Bd7 37. Rxg5+ Kh7 38. Rh5+) (32... Rd7 {was necessary.}) 33. Rb8 $6 {Inaccuracy. a6 was best. Bg3 is the strong threat.} (33. a6) 33... Rd7 34. a6 bxa6 35. Nxc6 Rd1+ 36. Kh2 Kg7 $6 {Inaccuracy. Rd2 was best.} (36... Rd2 37. Bd4 f6 38. Bxf6 Bd5 39. Ne7+ Kf7 40. Nxd5 Rxd5 41. c6 Rc5 42. Bxg5) (36... Rd2 {might work better.}) 37. Nd4 Rf1 38. Bg3 {Accuracy: White = 66%, Black = 46%.} 1-0